01234nam a2200301 i 450000100060000000300090000600500170001500800410003202000150007304000360008804100080012404400080013204600090014008000100014908000090015924502720016826000650044030000350050538000160054038800100055650400240056665000330059065500290062365800340065271000560068685600980074285600920084049680KOSZ 00520220428135736.0110411s2001 pl a |000 0 pol  a8391487105 cKOSZ 005aKOSZ 005dKOSZ 005/HR apol aPOL k2001 a657.6 a(06) 0aNowoczesne instrumenty finansowo-rachunkowe w zarządzaniu organizacją gospodarczą :bmateriały na konferencję naukową /cPolitechnika Koszalińska Wydział Ekonomii i Zarządzania, Polskie Towarzystwo Ekonomiczne Zarząd Krajowy i Oddział w Koszalinie. aKoszalin :bWydawnictwo Politechniki Koszalińskiej,c2001. a153 s. :btabl.,rys. ;c24 cm. aKsiążki a2001- aBibliogr. przy ref. 4aRachunkowość zarządcza aMateriały konferencyjne aGospodarka, ekonomia, finanse2 aWydawnictwo Uczelniane (Politechnika Koszalińska) uhttp://koha.tu.koszalin.pl/cgi-bin/koha/opac-detail.pl?biblionumber=49680yKatalog online BPK uhttp://dlibra.tu.koszalin.pl/dlibra/docmetadata?id=1409&from=latestyBiblioteka Cyfrowa